| 000 | 00463nam a2200181Ia 4500 | ||
|---|---|---|---|
| 008 | 240925s9999 xx 000 0 und d | ||
| 020 | _a30532396 | ||
| 082 | _a621.381 YAR | ||
| 100 | _aYariv, Amnon - | ||
| 245 | 0 | _aOptical Electronics | |
| 250 | _a4th | ||
| 260 |
_aNew York: _bSounders College Publisher _c,1991. |
||
| 300 |
_axv,504p. _bNA _fOriginal |
||
| 500 | _aIncludes Index | ||
| 600 | _aElectronic Engineering | ||
| 650 | _aTechnology | ||
| 942 | _cBK | ||
| 999 |
_c4544 _d4544 |
||